Game of Thrones : la séptima temporada completa = Game of Thrones : The Complete Seventh Season /
Serie de televisión de HBO basada en la saga Canción de hielo y fuego, novelas del escritor norteamericano George R.R. Martin ambientadas en un ficticio mundo medieval, principalmente en un continente llamado Poniente. Tiene tres líneas argumentales básicas, que interactúan entre ellas: las violenta...
Αποθηκεύτηκε σε:
| Κύριος συγγραφέας: | |
|---|---|
| Άλλοι συγγραφείς: | , , , , , , , , , , , , , , |
| Μορφή: | |
| Γλώσσα: | Αγγλικά |
| Σειρά: | (Game of Thrones. Temporada 7)
(Game of Thrones. Seventh Season) |
| Θέματα: | |
| Ετικέτες: |
Δεν υπάρχουν, Καταχωρήστε ετικέτα πρώτοι!
|
MARC
| LEADER | 00000ngm^a2200000^a^4500 | ||
|---|---|---|---|
| 001 | 000440638 | ||
| 005 | 20250521000000.0 | ||
| 008 | 220422 20172017 | ||
| 009 | 20260310123342.113 | ||
| 037 | |a Acervo ITESO - Biblioteca | ||
| 041 | |a ING | ||
| 082 | |a 940. 12 |b BEN S. 7 | ||
| 100 | |a Benioff, David |e (idea original) | ||
| 240 | 1 | 1 | |a [Canción de hielo y fuego] |
| 240 | 1 | 1 | |a [Canción de hielo y fuego. Adaptaciones] |
| 240 | 1 | 1 | |a [Game of Thrones] |
| 240 | 1 | 1 | |a [Game of Thrones: séptima temporada] |
| 245 | 1 | 0 | |a Game of Thrones : |b la séptima temporada completa = Game of Thrones : The Complete Seventh Season / |c Idea original de D. Benioff, D.B. Weiss ; producción ejecutiva de D. Benioff, D.B. Weiss, F. Doelger ; realización de J. Podeswa ; comentarios de D. Benioff et al. |
| 264 | 2 | |a México : |b Warner Brothers [distribución], |c 2017, c2017 | |
| 300 | |a 4 DVD regiones 1 y 4 (436 min.) : |b color | ||
| 336 | |a imagen móvil bidimensional |b tdi |2 rdacontenido | ||
| 337 | |a video |b v |2 rdamedio | ||
| 338 | |a videodisco |b vd |2 rdasoporte | ||
| 440 | 1 | |a (Game of Thrones. |p Temporada 7) | |
| 440 | 1 | |a (Game of Thrones. |p Seventh Season) | |
| 520 | |a Serie de televisión de HBO basada en la saga Canción de hielo y fuego, novelas del escritor norteamericano George R.R. Martin ambientadas en un ficticio mundo medieval, principalmente en un continente llamado Poniente. Tiene tres líneas argumentales básicas, que interactúan entre ellas: las violentas luchas por el control del trono; la amenaza de extranjeros contenida por un muro al norte; el viaje de regreso de la hija exiliada de un rey asesinado quince años antes, para reclamar sus derechos. A diferencia de otras sagas épico-fantásticas que fundamentan las tramas en la lucha entre el bien y el mal, y acuden a la magia para explicarlas, las obras de Martin y, por tanto, la serie televisiva, son de corte realista y están fuertemente vinculadas con la historia medieval de Inglaterra. | ||
| 546 | |a En inglés, con subtítulos opcionales: español, francés, inglés, portugués | ||
| 546 | |a Doblaje opcional: español, francés, portugués | ||
| 649 | |a XX | ||
| 650 | |a Dragones en la Televisión | ||
| 650 | |a Seres Fantásticos en la Televisión | ||
| 650 | |a Lugares Mitológicos e Imaginarios en la Televisión | ||
| 650 | |a Making Of (Documentales detrás de Cámaras) | ||
| 650 | |a Documentales | ||
| 650 | |a Series Históricas | ||
| 650 | |a Series Dramáticas | ||
| 650 | |a Series de Televisión | ||
| 650 | |a Televisión - |z EUA - |y 2010-2019 | ||
| 650 | |a Televisión - |z EUA - |y Siglo XXI | ||
| 650 | |a Novela Norteamericana - |x Adaptaciones para Televisión | ||
| 650 | |a Literatura Norteamericana - |y Siglo XXI - |x Adaptaciones para Televisión | ||
| 650 | |a Literatura y Televisión | ||
| 650 | |a Avaricia y Ambición | ||
| 650 | |a Venganza | ||
| 650 | |a Traición | ||
| 650 | |a Asesinato | ||
| 650 | |a Poder Político - |x Tema Principal | ||
| 650 | |a Poder (Ciencias Sociales) | ||
| 650 | |a Violencia Política | ||
| 650 | |a Intervención Militar | ||
| 650 | |a Guerra Civil - |x Tema Principal | ||
| 650 | |a Guerra y Paz | ||
| 650 | |a Política | ||
| 650 | |a Edad Media - |x Historia - |x Tema Principal | ||
| 700 | |a Weiss, Daniel B. |e (idea original) | ||
| 700 | |a Benioff, David |e (producción ejecutiva) | ||
| 700 | |a Weiss, Daniel B. |e (producción ejecutiva) | ||
| 700 | |a Doelger, Frank |e (producción ejecutiva) | ||
| 700 | |a Podeswa, Jeremy |e (realización) | ||
| 700 | |a Benioff, David |e (guión) | ||
| 700 | |a Weiss, Daniel B. |e (guión) | ||
| 700 | |a Middleton, Gregory |e (fotógrafo) | ||
| 700 | |a Clapton, Michele |e (vestuario) | ||
| 700 | |a Green, Crispin |e (montaje) | ||
| 700 | |a Djawadi, Ramin |e (música) | ||
| 700 | |a Dinklage, Peter |e (actuación) | ||
| 700 | |a Headey, Lena |e (actuación) | ||
| 700 | |a Coster-Waldau, Nikolaj |e (actuación) | ||
| 700 | |a Benioff, David |e (comentarios) | ||
| 910 | |a Fondo General | ||
| 920 | |a Audiovisuales - DVDs | ||
| 905 | |a 302 | ||
| 901 | |a 0500365453 |b IT2 |c DVS |i C160872 |u 20250521 | ||
| 901 | |a 0500365443 |b IT2 |c DVS |i C160573 |u 20250521 | ||
| 901 | |a 0500365450 |b IT2 |c DVS |i C160574 |u 20250521 | ||
| 901 | |a 0500365447 |b IT2 |c DVS |i C160575 |u 20250521 | ||
| 902 | |a https://opac.biblio.iteso.mx/vufind/Record/000440638 | ||